| 000 | 01189nam a2200229Ia 4500 | ||
|---|---|---|---|
| 001 | 10489 | ||
| 003 | GE_BSU | ||
| 008 | 181216s||||||||xx |||||||||||||| ||und|| | ||
| 040 | _cGE_BSU | ||
| 080 | _a821.353.1-1 | ||
| 100 | _aჭავჭავაძე,ილია | ||
| 245 | _aქართული პოეზია. 15 ტომად:ტ.6.ალ. ჭავჭავაძე;გრ.ორბელიანი;ნიკოლოზ ბარათაშვილი | ||
| 245 | _cსარედ. კოლ.: გრ. აბაშიძე, ან. კალანდაძე, მ. ლებანიძე და სხვ.ტომი შეადგ.სარგის ცაიშვილმა.მხატვ.დ.დუნდუა.რედ ა. ბრეგაძე | ||
| 260 | _aთბილისი | ||
| 260 | _bნაკადული | ||
| 260 | _c1975 | ||
| 300 | _a341გვ.18სმ. | ||
| 300 | _cლექსიკონი გვ.312-333 | ||
| 653 | _aალ. ჭავჭავაძე;გრ.ორბელიანი;ნიკოლოზ ბარათაშვილი | ||
| 653 | _aქართული პოეზია | ||
| 942 | _cBK | ||
| 999 |
_c43744 _d43744 |
||